Countries within Countries Quiz #2 - Statistics

General Stats
  • This quiz has been taken 36 times
  • The average score is 15 of 39
Answer Stats
Answer % Correct
Iran
71%
Democratic Republic of the Congo
68%
Oman
65%
Republic of the Congo
65%
Dominican Republic
61%
Dominica
58%
Indonesia
58%
Mali
58%
United Arab Emirates
58%
Niger
55%
Nigeria
55%
Argentina
52%
India
52%
Togo
48%
Peru
45%
Saint Vincent and the Grenadines
42%
Bosnia and Herzegovina
39%
Equatorial Guinea
39%
Colombia
35%
Haiti
35%
Sao Tome and Principe
35%
Chile
32%
Ireland
32%
Micronesia
32%
Turkmenistan
32%
Brunei
26%
Monaco
26%
Romania
26%
Bahrain
23%
Mauritania
23%
Suriname
23%
Ukraine
23%
Mongolia
19%
San Marino
19%
North Macedonia
16%
Armenia
13%
Ethiopia
13%
Cameroon
10%
Switzerland
10%
No matching quizzes found
Score Distribution
Percent of People with Each Score
Percentile by Number Answered
Your Score History
You have not taken this quiz